000 00615nam a2200229 a 4500
999 _c6024
_d6024
001 6024
003 BD-JhCC
005 20180307113355.0
008 180101s19641972bg a|||| || | 001 0 eng d
035 _a(BD-JhCC)6024
040 _aBD-JhCC
_dBD-JhCC
041 _aeng
082 _a547
_bAHM 1972
100 _aAhmed, Mofizud-Din
245 _aOrganic Chemistry /
_cMofizud-Din Ahmed and A. Jabbar Mian
260 _aDhaka :
_bMrs. Sufia Ahmed & Mrs. Jahan-Ara Begum,
_c1972.
300 _a503 p. :
_c22 cm.
650 _aOrganic Chemistry
700 _aMian, A. Jabbar
942 _2ddc
_cBK